| 000 | 00404nam a2200157Ia 4500 | ||
|---|---|---|---|
| 008 | 230312s9999||||xx |||||||||||||| ||und|| | ||
| 020 | _a007-1436065 | ||
| 082 |
_a387.736 _bWEL-A |
||
| 100 | _aWell;Alexander .T | ||
| 245 | 0 | _aAirport Planning & Management-1 | |
| 260 |
_bMcGraw Hill _aUSA _c2004 |
||
| 300 | _a192 | ||
| 546 | _aEng. | ||
| 650 |
_aAviation _vAirport Planning and management |
||
| 942 | _cBK | ||
| 999 |
_c6677 _d6677 |
||